Statistics for Ten Marshals of China

Click here to take the quiz!

General Stats

  • This quiz has been taken 17 times
  • The average score is 8 of 10

Answer Stats

Answer% Correct
Peng Dehuai
100%
Zhu De
94%
Lin Biao
88%
Chen Yi
76%
Liu Bocheng
76%
Xu Xiangqian
76%
He Long
71%
Luo Ronghuan
71%
Nie Rongzhen
71%
Ye Jianying
71%

Score Distribution

Percentile by Number Answered

Percent of People with Each Score

Your Score History

You have not taken this quiz